| 000 | 01237nac a22002291u 4500 | ||
|---|---|---|---|
| 008 | 090127t2006 xxu||||| |||| 00| 0 eng d | ||
| 022 | _a817008833X | ||
| 082 |
_a621.81505 _bKAR |
||
| 100 | _aKarwa ,Rajendra. | ||
| 245 |
_a A Text Book Of Machine Design/ _cRajendra Karwa. |
||
| 250 | _a2nd edition. | ||
| 260 |
_aNew Delhi ; _bLaxmi Publication(P) ltd : _cc2006. |
||
| 300 |
_a751p.: _bill; _c25cm. |
||
| 500 | _a(for undergraduate courses of Mechanical Engineering, AMIE section B& competitive examinations) | ||
| 504 | _aIncludes Index. | ||
| 650 | _aMachinery. | ||
| 650 | _aMachinery--Engineering. | ||
| 942 |
_cBB _k621.81505KAR _2ddc |
||
| 999 |
_c2838 _d2838 |
||